The fauna of British India : (Record no. 94490)
[ view plain ]
| 000 -LEADER | |
|---|---|
| fixed length control field | nam a22 7a 4500 |
| 005 - DATE AND TIME OF LATEST TRANSACTION | |
| control field | 20180524110404.0 |
| 008 - FIXED-LENGTH DATA ELEMENTS--GENERAL INFORMATION | |
| fixed length control field | 180524b ||||| |||| 00| 0 eng d |
| 080 ## - UNIVERSAL DECIMAL CLASSIFICATION NUMBER | |
| Universal Decimal Classification number | 591(54-52) |
| Item number | FAU N.1 |
| 100 ## - MAIN ENTRY--PERSONAL NAME | |
| Personal name | Baylis, H. A |
| 245 ## - TITLE STATEMENT | |
| Title | The fauna of British India : |
| Remainder of title | including Ceylon and Burma |
| 260 ## - PUBLICATION, DISTRIBUTION, ETC. (IMPRINT) | |
| Place of publication, distribution, etc | Newdelhi |
| Name of publisher, distributor, etc | Today towmorrows printers |
| Date of publication, distribution, etc | 1936 |
| 300 ## - PHYSICAL DESCRIPTION | |
| Extent | xxix,408p. |
| 490 ## - SERIES STATEMENT | |
| Series statement | Nematoda |
| Volume number/sequential designation | V.1 |
| 653 ## - INDEX TERM--UNCONTROLLED | |
| Uncontrolled term | Morphology - |
| 942 ## - ADDED ENTRY ELEMENTS (KOHA) | |
| item type | Books |
| Lost status | Source of classification or shelving scheme | Not for loan | Home library | Current library | Shelving location | Date acquired | Total Checkouts | Full call number | Barcode | Date last seen | Price effective from | Koha item type |
|---|---|---|---|---|---|---|---|---|---|---|---|---|
| Universal Decimal Classification | University Library | University Library | Secondary Collection | 24/05/2018 | 591(54-52) FAU N.1 | 00015273 | 24/05/2018 | 24/05/2018 | Books |
